10 Najczęściej zgadywanych miast w Polsce - Statystyki

Ogólne statystyki
  • Ten quiz został rozwiązany 537 razy
  • Średni wynik to 9 z 10
Statystyki odpowiedzi
% Miasto % Poprawnych
87 Warszawa
100%
80 Kraków
99%
82 Gdańsk
98%
74 Poznań
94%
74 Wrocław
94%
79 Gdynia
89%
71 Katowice
89%
70 Łódź
89%
73 Szczecin
88%
71 Lublin
84%
Nie znaleziono quizów pasujących do podanych kryteriów
Rozkład punktacji
Procent ludzi z każdym wynikiem
Percentyl według liczby udzielonych odpowiedzi
Twoja historia wyników
Nie rozwiązałeś tego quizu